Kỹ thuật trồng dâu nuôi tằm
Enregistré dans:
| Auteur principal: | |
|---|---|
| Format: | Livre |
| Langue: | Undetermined |
| Publié: |
H.
LĐXH
2001
|
| Sujets: | |
| Tags: |
Ajouter un tag
Pas de tags, Soyez le premier à ajouter un tag!
|
| Thư viện lưu trữ: | Trung tâm Học liệu Trường Đại học Cần Thơ |
|---|
| LEADER | 00518nam a2200181Ia 4500 | ||
|---|---|---|---|
| 001 | CTU_48443 | ||
| 008 | 210402s9999 xx 000 0 und d | ||
| 082 | |a 634.38 | ||
| 082 | |b V561 | ||
| 100 | |a PHẠM VĂN VƯỢNG | ||
| 245 | 0 | |a Kỹ thuật trồng dâu nuôi tằm | |
| 245 | 0 | |c PHẠM VĂN VƯỢNG, Hồ Thị Tuyết Mai | |
| 260 | |a H. | ||
| 260 | |b LĐXH | ||
| 260 | |c 2001 | ||
| 650 | |a mulberry,silkworms | ||
| 904 | |i Minh | ||
| 980 | |a Trung tâm Học liệu Trường Đại học Cần Thơ | ||